Εργατικό δίκαιο
Αποθηκεύτηκε σε:
| Κύριος συγγραφέας: | |
|---|---|
| Μορφή: | Βιβλίο |
| Γλώσσα: | Greek |
| Δημοσίευση: |
Αθήνα :
Interbooks,
c2000
|
| Θέματα: | |
| Ετικέτες: |
Προσθήκη ετικέτας
Δεν υπάρχουν, Καταχωρήστε ετικέτα πρώτοι!
|
MARC
| LEADER | 00000cam a2200000 i 4500 | ||
|---|---|---|---|
| 001 | 1/64435 | ||
| 008 | 041029s2000 gre d | ||
| 020 | |a 960-390-011-7 | ||
| 035 | |l 10075004 | ||
| 040 | |a GR-MY-UA |b gre |e aacr | ||
| 041 | 0 | |a gre | |
| 082 | 0 | |a 344.49501 | |
| 100 | 1 | |a Ευθυμιάτου-Πουλάκου, Αντωνία. | |
| 245 | 1 | 0 | |a Εργατικό δίκαιο / |c Ευθυμιάτου-Πουλάκου Αντωνία |
| 260 | |a Αθήνα : |b Interbooks, |c c2000 | ||
| 300 | |a 587 σ.; |c 24 εκ. | ||
| 504 | |a Περιλαμβάνει βιβλιογραφία | ||
| 650 | 0 | 0 | |a Labor laws and legislation |z Greece. |
| 852 | |a INST |b CHIOS |e 20041029 |h 344.49501 ΕΥΘ |p 005200023075 |q 005200023075 |t BK |y 0 | ||
| 901 | |a BIBL2-2004-3 | ||
| 909 | |a Χ |b 109022 | ||
| 970 | |a ΣΠΕΝΤΖΑ |b ΕΛΕΝΗ |z 2004/10/29 | ||